000 01899cam a22005294i 4500
003 PE-LiUPU
005 20250731180102.0
008 150617s r 000 0 d
020 _a0806505346
035 _a(Sirsi) i9780806505343
040 _aPE-LiUPU
_bspa
_cPE-LiUPU
_erda
049 _aPRUA
082 0 4 _a550.29
_bV76
_221
100 1 _aVitaliano, Dorothy,
_eautor.
245 1 0 _aLeyendas de la tierra /
_cForothy Vitaliano.
264 1 _aBarcelona :
_bSalvat,
_c1987.
300 _a279 páginas , ;
_c19 centímetros
336 _atext
_2rdacontent
337 _aunmediated
_2rdamedia
338 _avolume
_2rdacarrier
490 0 _aBiblioteca Científica Salvat ;
_v46
505 0 _aExplicaciones. -El papel de la geología en la historia y en la leyenda. -Movimiento lento. -Folklore sobre la forma de la tierra. -Folklore sobre los terremotos. -Folklore sobre los volcanes. -El diluvio. -La erupción minoica de Santorín. -¿Se ha encontrado la perdida Atlántida?. -Santorín, Egipto y el Mediterráneo oriental.
526 _aSEG44
526 _aSEG26
526 _aP159
526 _aP155
526 _aP154
526 _aP153
526 _aP150
526 _aP100
526 _aP31
526 _aP30
526 _aP26
526 _aP25
526 _aP24
526 _aP22
526 _aP15
526 _aP10
650 0 4 _aGeofísica.
910 _ajck
_bjvq
_cjck
_d20150616
942 _2ddc
_cBOOK
949 _a550.29 V76
_wDEWEY
_c1
_i28651
_d2016-9-13
_e2016-9-13
_lCCODEBUL1
_mBUL
_n1
_r0
_sY
_tBOOK
_u2015-4-21
_xEDUCACION
_zUNKNOWN
_0COMPRA
_o.STAFF. Colección General
994 _aC0
_bPEPRU
596 _a1
999 _a550.29 V76
_wDEWEY
_c17403
_i28651
_d17403
_e2016-9-13
_f2021-11-5
_g5
_lCCODEBUL1
_mBUL
_n1
_r0
_sY
_tBOOK
_u2015-4-21
_xBIBLIOTECA
_zUNKNOWN
_0COMPRA
_o.STAFF. Colección General
980 _81
_gALBERTO SANCHEZ Responsable de Automatización